Gaming Quiz

Random Gaming or Letter Quiz

Pokémon Hangman (Gen 1) Quiz Stats

 Plays Quiz not verified by Sporcle

Score 0/108 Timer 03:00
0 Plays Today
Pokémon % Correct
A5???
94.9%
B5???
88.9%
O5???
87.1%
R5???
86.1%
K5???
84.4%
I6???
82.6%
*5 LETTER*???
81.9%
X5???
80.4%
Q5???
79.9%
V5???
79.9%
Z5???
79.6%
W5???
79%
Y5???
78.6%
U6???
78.5%
J5???
78.4%
F5???
77.1%
H5???
76.5%
L6???
76.3%
P5???
75.8%
U7???
75.7%
G5???
75.4%
P6???
75.3%
E8???
75.2%
D5???
73.9%
U5???
73.6%
M5???
73.3%
C5???
72.7%
S7???
72.4%
L5???
72.2%
I8???
71.6%
N5???
71.2%
T5???
70.6%
C7???
70.1%
V6???
69.9%
X6???
69.7%
S5???
69.3%
Pokémon % Correct
Y7???
69.2%
P7???
68.9%
D7???
68.9%
U8???
68.3%
K7???
68.2%
*6 LETTER*???
68.1%
I5???
66.8%
S8???
66.7%
T8???
65.4%
R8???
65.3%
*7 LETTER*???
64.4%
L8???
63.6%
Z6???
61.6%
X7???
61.3%
Q7???
60.7%
Z7???
60.6%
Q6???
60.2%
V7???
60%
Q8???
59.7%
J7???
58.6%
W7???
58%
*8 LETTER*???
57.5%
Y6???
56.8%
F7???
56.7%
E5???
56.5%
W6???
55.5%
J6???
55.2%
G7???
54.6%
X8???
54%
Z8???
53.5%
H7???
53.4%
V8???
52.7%
B7???
50.5%
J8???
50.3%
W8???
50.1%
K6???
50%
Pokémon % Correct
M7???
49.5%
F6???
49.3%
Y8???
48.7%
H6???
47.9%
L7???
47.8%
F8???
47.7%
K8???
47.5%
G8???
46.4%
N7???
46.3%
G6???
45.7%
B8???
45.3%
D8???
44.5%
P8???
44.2%
H8???
44.1%
B6???
43.4%
C6???
43.4%
D6???
43.3%
C8???
43%
M8???
42.6%
M6???
42%
T7???
41.4%
R7???
41%
N8???
39%
N6???
38.7%
R6???
37.4%
T6???
35.1%
S6???
34.7%
O6???
28.1%
O8???
26.1%
E6???
23.1%
A6???
22.9%
O7???
22.4%
I7???
21.3%
E7???
20%
A7???
19.4%
A8???
19.1%

You're not logged in!

Compare scores with friends on all Sporcle quizzes.
OR
Log In

Sporcle TV

Today on Sporcle TV


Watch our educational content, quiz creation guides, and fun videos on Sporcle TV.

Show Comments

Extras

Top Quizzes Today


Score Distribution

Your Account Isn't Verified!

In order to create a playlist on Sporcle, you need to verify the email address you used during registration. Go to your Sporcle Settings to finish the process.

Report this User

Report this user for behavior that violates our Community Guidelines.

Details: